| 000 | 00881nam a22002417a 4500 | ||
|---|---|---|---|
| 005 | 20240530110908.0 | ||
| 008 | 220303s2009 ua g 000 0 ara d | ||
| 017 |
_a2008/22946 _bمصر. دار الكتب |
||
| 020 | _a9773132668 | ||
| 040 |
_aEG-CaGPL _cEG-CaGPL |
||
| 082 | 0 | 4 |
_221 _a320.51/ _bر ل |
| 100 | 0 | _aرفعت لقوشة | |
| 245 | 0 | 2 |
_aالليبرالية والمجتمع المصرى : _bالازمة والدليل / _cرفعت لقوشة |
| 250 | _aط.1 | ||
| 260 |
_aالقاهرة : _bمركز المحروسة للنشر والخدمات الصحفية والمعلومات، _c2009. |
||
| 300 |
_a95 ص. ؛ _c24 سم. |
||
| 650 | 0 | 7 |
_2qrmak _aالليبرالية |
| 650 | 0 | 7 |
_2qrmak _aالراديكالية |
| 650 | 0 | 7 |
_2qrmak _aالمذاهي السياسية |
| 651 | _2qrmak | ||
| 942 |
_2ddc _cBK |
||
| 999 |
_c66259 _d66259 |
||